| 000 | 00804nam a22002177a 4500 | ||
|---|---|---|---|
| 999 |
_c17781 _d17781 |
||
| 003 | AR-CdUCM | ||
| 008 | 190509b ||||| |||| 00| 0 spa d | ||
| 040 |
_aMUNICIPALIDAD PROVINCIAL DEL CUSCO _cBIBLIOTECA MUNICIPAL DEL CUSCO |
||
| 082 |
_a340.2 / _bH19 |
||
| 100 |
_aHamilton D., Carlos _937961 |
||
| 245 | _aManual de historia del derecho / | ||
| 260 |
_aSantiago de Chile : _bJurídica de Chile, _c1948. |
||
| 300 |
_a571 páginas ; _c19 cm. |
||
| 440 |
_aManuales Jurídicos. _n10 _937962 |
||
| 505 | _aContenido: Introducción a la Historia del Derecho -- Historia del Derecho Español -- Derecho Americano: Indígena, Indiano, Chileno -- Derecho canónico. | ||
| 650 |
_aHistoria _9136 |
||
| 650 |
_aDerecho _9739 |
||
| 650 |
_aChile _91150 |
||
| 942 |
_2ddc _cLIBROS |
||
| 945 |
_aachl _d2019-05-09 |
||